| 000 | nam a22 7a 4500 | ||
|---|---|---|---|
| 999 |
_c27822 _d27822 |
||
| 008 | 170210b xxu||||| |||| 00| 0 eng d | ||
| 020 | _a9781600367632 | ||
| 050 | _aQC 37 .W45 2014 | ||
| 100 |
_aWeinstein, Lawrence B. _d2014 |
||
| 245 |
_aLaboratory manual: _bPhysics 101N/ _cLawrence B. Weinstein. |
||
| 250 | _a13th ed. | ||
| 260 |
_aUSA: _bAcademx publishing services, _c2014. |
||
| 300 |
_avi, 162p.: _bill.; _c28cm. |
||
| 650 | _aPhysics. | ||
| 942 |
_2lcc _cBOOKS _hQC 37 .W45 2014 |
||